Szczegóły MARC21

Austria w Unii Europejskiej : Problemy prawne w procesie akcesyjnym /

005 -DATA I CZAS OSTATNIEJ MODYFIKACJI [,]
    • @
    • pole kontrolne
    • 20070315155141.9
020 -Międzynarod. znormalizowany nr książki - ISBN [ , ]
    • a
    • Numer ISBN
    • 8388796216 Find
040 -Instytucja sporządzająca opis [ , ]
    • a
    • Instytucja, która sporządziła opis (NP)
    • SZCZ U
    • c
    • Instytucja, która sporządziła rekord (NP)
    • SZCZ U
041 -Język dokumentu [0, ]
    • a
    • Język tekstu (P)
    • polski
    • h
    • Język tekstu oryginalnego i/lub pośredniego (P)
    • polski
942 -Rodzaj dokumentu [ , ]
    • c
    • Rodzaj dokumentu
    • Książka
100 -Hasło główne - nazwa osobowa [ , ]
    • a
    • Nazwa osobowa (NP)
    • BARCZ, JAN
245 -Strefa tytułu i oznaczenia odpowiedzialności [1, ]
    • a
    • Tytuł
    • Austria w Unii Europejskiej : Find
    • b
    • Ciąg dalszy tytułu (NP)
    • Problemy prawne w procesie akcesyjnym / Find
    • c
    • Pozostałe elementy strefy tytułu i oznaczenia odpowiedzialności (NP)
    • Jan Barcz.
260 -Strefa adresu wydawniczego [ , ]
    • a
    • Miejsce wydania (P)
    • Opole :
    • b
    • Nazwa wydawcy (P)
    • Wydaw.UO,
    • c
    • Data wydania (P)
    • 2001.
300 -Strefa opisu fizycznego [ , ]
    • a
    • Określenie formy książki i/lub objętość (NP)
    • 205 :
    • c
    • Format (NP)
    • 24 cm.
490 -Strefa serii i książki wielotomowej - forma nie do wyszukiwania [0, ]
    • z
    • Numer rekordu powiązanego
    • 119252
    • a
    • Tytuł (P)
    • (STUDIA i Monografie / Wyższa Szkoła Pedagogiczna w Opolu ; Find
    • y
    • Zob. egzemplarze
    • 9
    • x
    • ISSN (NP)
    • 0239-6718)
    • v
    • Numeracja (P)
    • Nr 300,
490 -Strefa serii i książki wielotomowej - forma nie do wyszukiwania [0, ]
    • z
    • Numer rekordu powiązanego
    • 119252
    • a
    • Tytuł (P)
    • (STUDIA i Monografie / Uniwersytet Opolski ; Find
    • y
    • Zob. egzemplarze
    • 9
    • x
    • ISSN (NP)
    • 1233-6408)
    • v
    • Numeracja (P)
    • Nr 300,
500 -Uwaga ogólna [ , ]
    • a
    • Uwaga ogólna (NP)
    • Bibliogr.,Zsfg
080 -Uniwersalna Klasyfikacja Dziesiętna [ , ]
    • a
    • Symbol klasyfikacji
    • 341.24(436:4-67)
080 -Uniwersalna Klasyfikacja Dziesiętna [ , ]
    • a
    • Symbol klasyfikacji
    • :327.39(436:4-67)
080 -Uniwersalna Klasyfikacja Dziesiętna [ , ]
    • a
    • Symbol klasyfikacji
    • :342.4(436:4-67)
080 -Uniwersalna Klasyfikacja Dziesiętna [ , ]
    • a
    • Symbol klasyfikacji
    • :341.12(436:4-67)
980 -Symbol UKD [ , ]
    • a
    • UKD
    • 341.24:327.39:342.4:341.12](436:4-67)
920 -ISBN [ , ]
    • a
    • ISBN
    • 83-88796-21-6 Find
Status udost. Numer inwentarzowy Sygnatura Powiązanie z serią Lokalizacja Data inwentaryzacji
1CEc.86CEc.869 2001-12-17
-3S.90655S.78691221BE2003-06-04